000 00777nam a2200217Ia 4500
999 _c37913
_d37913
001 3891
003 GE_BSU
005 20190819171645.0
008 181216s1963||||ge |||||||||||||| ||geo||
040 _cGE_BSU
041 _ageo
080 _a101 კ–50
100 _aკილაძე, ვ.
_93687
245 _aგ.ვ. პლეხანოვის ფილოსოფიური შეხედულებანი /
_cრედ. მ. ნემსაძე.
264 _a თბ. :
_bთბილ. უნ-ტი,
_c1963.
300 _a168 გვ.;
_b22 სმ.
600 _aპლეხანოვი გ.
_93688
653 _aპლეხანოვი გ.
700 _aნემსაძე, მ.
_eრედაქტორი
_93689
942 _cBK
_2udc